Le débat des hérauts d'armes de France et d'Anglaterre suivi de The debate between the heralds of England and France / (Record no. 48413)

MARC details
000 -LEADER
campo de control de longitud fija 00726nam a22001935i 4500
001 - NÚMERO DE CONTROL
campo de control 48413
003 - IDENTIFICADOR DE NÚMERO DE CONTROL
campo de control ES-MaACL
005 - FECHA Y HORA DE LA ÚLTIMA TRANSACCIÓN
campo de control 20230906161740.0
007 - CAMPO FIJO DE DESCRIPCIÓN FÍSICA--INFORMACIÓN GENERAL
campo de control de longitud fija t|
008 - DATOS DE LONGITUD FIJA--INFORMACIÓN GENERAL
campo de control de longitud fija 950718s1877 fr ||||1| fre d
040 ## - FUENTE DE CATALOGACIÓN
Centro catalogador/agencia de origen CAM
Lengua de catalogación spa
Centro/agencia transcriptor CAM
245 03 - MENCIÓN DEL TÍTULO
Título Le débat des hérauts d'armes de France et d'Anglaterre suivi de The debate between the heralds of England and France /
Mención de responsabilidad, etc. by John Coke; édition commencée par Léopold Pannier et achevée par M. Paul Meyer.
260 ## - PUBLICACIÓN, DISTRIBUCIÓN, ETC.
Lugar de publicación, distribución, etc. Paris :
Nombre del editor, distribuidor, etc. Librairie Firmin-Didot et Cie.,
Fecha de publicación, distribución, etc. 1877 (
Fabricante typ. G. Chamerot)
300 ## - DESCRIPCIÓN FÍSICA
Extensión XLIV, 217, [2] p. ;
Dimensiones 24 cm.
700 1# - ENTRADA AGREGADA--NOMBRE PERSONAL
Nombre de persona Coke, John.
9 (RLIN) 39540
700 1# - ENTRADA AGREGADA--NOMBRE PERSONAL
Nombre de persona Pannier, Léopold.
9 (RLIN) 88809
700 1# - ENTRADA AGREGADA--NOMBRE PERSONAL
Nombre de persona Meyer, Paul.
9 (RLIN) 80799
852 ## - LOCALIZACIÓN
Ubicación ES-MaACL
Número de control de estantería G-13651
Holdings
Estatus retirado Estado de pérdida Estado de daño No para préstamo Colección Biblioteca de origen Biblioteca actual Ubicación en estantería Fecha de adquisición Fuente de adquisición Total de préstamos Signatura topográfica completa Código de barras Visto por última vez Precio de reemplazo Tipo de ítem Koha
        Libros del s. XIX Biblioteca del Ateneo de Madrid Biblioteca del Ateneo de Madrid Sala Pecera Planta 3 17/01/2008     G-13651 1050949 23/02/2023 23/02/2023 Libro impreso antiguo